| 000 | 01072cam a2200241M 4500 | ||
|---|---|---|---|
| 001 | blueracer00huff | ||
| 003 | CaSfIA | ||
| 005 | 20210117221053.0 | ||
| 007 | cr|||| | ||
| 008 | 761005s1967 nyu aj 000 f eng d | ||
| 040 |
_aotny _cTOH _dCaSfIA |
||
| 035 | _a(OCoLC)317444688 | ||
| 050 | 1 | 4 | _aS |
| 100 | 1 | _aHuff, Roderick Remmele. | |
| 245 | 1 | 4 |
_aThe blue racer, _h[electronic resource] _cby Roderick Huff. Illustrated by Leonard Shortall. |
| 260 |
_aNew York, _bDutton _c[1967] |
||
| 300 |
_a159 p. _billus. |
||
| 856 | 4 | 1 |
_uhttp://www.archive.org/details/blueracer00huff _zFree eBook from the Internet Archive |
| 856 | 4 | 2 |
_uhttp://www.openlibrary.org/books/OL24201926M _zAdditional information and access via Open Library |
| 942 | _cEB | ||
| 506 | _fНеобхідна авторизація на https://archive.org/ (створення облікового запису безкоштовно) | ||
| 506 | _fНеобхідна авторизація на https://openlibrary.org/ (створення облікового запису безкоштовно) | ||
| 999 |
_c475299 _d475299 |
||